| 000 | 00364nam a2200133Ia 4500 | ||
|---|---|---|---|
| 008 | 160114s9999 xx 000 0 und d | ||
| 020 | _a0-688081349 | ||
| 050 | _a700 | ||
| 050 | _b.Ar763n 1990 | ||
| 100 | _aArnosky, Jim. | ||
| 245 |
_aNear the Sea / _cJim Arnosky. |
||
| 260 |
_aUnited States of America _bLothrop , Lee &Shepard Book _c1990 |
||
| 300 | _a28 pages; | ||
| 999 |
_c290283 _d290283 |
||